| 000 | 00580nam a22001937a 4500 | ||
|---|---|---|---|
| 999 |
_c9097 _d9097 |
||
| 008 | 210323b ||||| |||| 00| 0 eng d | ||
| 040 | _aBMS College of Architecture | ||
| 100 | _aC, Nivedita | ||
| 245 | _aChikamagalur - Model coffee estate and resort | ||
| 300 | _a96p. | ||
| 500 | _a1BM06AT025 | ||
| 502 |
_8B.Arch _NBMS College of Architecture, Visvesvaraya Technological University _aProject report _d2011 |
||
| 650 | _aResort | ||
| 650 | _aCoffee | ||
| 650 | _aChikamagalur | ||
| 700 |
_aSindhu Srikanth _eGuide |
||
| 700 |
_aK R Madhu Chand _eGuide |
||
| 942 |
_2ddc _cTHE |
||